000 00492nam a2200169 4500
001 126224
003 ES-MaACL
005 20230906192759.0
007 t|
008 070214s1961 fr r ||||1| fre d
100 1 _aReboud, Louis.
_995721
245 1 0 _aSystémes fiscaux et marché comun /
_cLouis Reboud ; préface de Alain Barrére.
260 _aParis :
_bSirey,
_c1961.
300 _aIV, 374 p. ;
_c23 cm.
700 1 _aBarrère, Alain.
_925938
852 _aES-MaACL
_jE-8296
_bR.92850
999 _c126224
_d126224